| 000 | 01093nam a2200241Ia 4500 | ||
|---|---|---|---|
| 999 |
_c56563 _d56563 |
||
| 001 | 23677 | ||
| 003 | GE_BSU | ||
| 005 | 20260312144818.0 | ||
| 008 | 181216s1961||||ge |||||||||||||| ||geo|| | ||
| 040 | _cGE_BSU | ||
| 041 | _ageo | ||
| 080 | _a94(37) წ-39 | ||
| 100 |
_aწერეთელი, ალ. _923578 |
||
| 245 |
_aძველი რომი. ტ. 2 , სამოქალაქო ომების ეპოქა / _cალ. წერეთელი ; რედ. ნ. ლომოური ; საქ. სსრ განათლ. სამინისტრო. |
||
| 264 |
_aთბილისი : _bთბილ. უნ-ტის გამ-ბა, _c1961. |
||
| 300 |
_a321გვ. ; _c22 სმ. |
||
| 504 | _aბიბლიოგრ. : გვ. 293-302 | ||
| 541 | _h20 ლ. | ||
| 653 | _aძველი რომი. ტ. 2 : სამოქალაქო ომების ეპოქა | ||
| 653 | _aძველი რომის ისტორია | ||
| 700 |
_aლომოური, ნ. _eრედაქტორი _927117 |
||
| 942 |
_cBK _2udc |
||